| 000 | 00596nam a22001937a 4500 | ||
|---|---|---|---|
| 999 |
_c234973 _d234973 |
||
| 003 | Nust | ||
| 005 | 20191004095000.0 | ||
| 008 | 170404b xxu||||| |||| 00| 0 eng d | ||
| 038 | _aNusrat Nadeem | ||
| 040 |
_aDLC _bDLC _cRCMS |
||
| 082 | _a621.38412 DES | ||
| 100 |
_aDegem Systems _9234 |
||
| 245 |
_aDEGEM Technical Training Systems Experiments in Modern Communication _cCourse COM - 4 RF Power Transmitting Circuits |
||
| 260 |
_aUSA _bDegem Systems _cc1982 |
||
| 300 |
_a155,p _bill _c27,cm. |
||
| 650 |
_aModern Communication _9243 |
||
| 856 | _3Table of Content Only | ||
| 942 |
_2ddc _cBK |
||